000 00440nam a2200181 a 4500
001 1758452259765
003 ACL
005 20250921163104.0
008 250921s2007##################000#0#eng##
020 _a9781580422192
082 0 4 _a795.412
_bWAR
100 1 _aWarren, Ken,
_eauthor.
245 1 0 _aThe Big Book of Poker :
260 _bCardoza,
_c2007.
650 0 _aGames & Activities.
942 _cENGLISH
040 _aACL
_beng
_cACL
999 _c588597
_d588597